Drying and storage of agricultural crops /
Guardado en:
| Autor Principal: | |
|---|---|
| Formato: | Libro |
| Idioma: | English |
| Publicado: |
Westport, Conn. :
AVI Pub. Co.,
c1980.
|
| Materias: | |
| Etiquetas: |
Agregar Etiqueta
Sin Etiquetas, Sea el primero en etiquetar este registro!
|
| LEADER | 00946pam a22003015a 4500 | ||
|---|---|---|---|
| 001 | EIQ.libpla001539 | ||
| 008 | 800804s1980####ctuao####b####001#0#eng#d | ||
| 005 | 20130308143220.0 | ||
| 245 | 1 | 0 | |a Drying and storage of agricultural crops / |c Carl W. Hall. |
| 260 | |a Westport, Conn. : |b AVI Pub. Co., |c c1980. | ||
| 300 | |a ix, 381 p. : |b il., fotos ; |c 23 cm. | ||
| 504 | |a Incluye referencias bibliográficas e índice. | ||
| 020 | |a 087055364X | ||
| 100 | 1 | |a Hall, Carl W. | |
| 082 | 0 | 0 | |a 631.5/6 |2 19 |
| 650 | 4 | |a Agricultura |x Secado. | |
| 650 | 4 | |a Agricultura |x Almacenaje. | |
| 650 | 4 | |a Grano |x Secado. | |
| 650 | 4 | |a Heno |x Secado. | |
| 650 | 4 | |a Producto de granja |x Secado. | |
| 650 | 0 | |a Field crops |x Drying. | |
| 650 | 0 | |a Grain |x Drying. | |
| 650 | 0 | |a Hay |x Drying. | |
| 650 | 0 | |a Field crops |x Storage. | |
| 650 | 0 | |a Farm produce |x Drying. | |
| 010 | |a 80021074 | ||
| 040 | |a DLC |c DLC |d AR-BbSID | ||
| 859 | |a AR-BbSID |b BIB. PLAPIQUI |h 631.56 |i H 14 |p 849 | ||
